| 000 | 00579nam a2200169 4500 | ||
|---|---|---|---|
| 003 | OSt | ||
| 005 | 20241019175649.0 | ||
| 007 | ta | ||
| 008 | 241019b |||||||| |||| 00| 1 fre d | ||
| 020 | _a 9782203154193 | ||
| 040 | _cautismepaimpol.fr | ||
| 100 |
_aCatherine METZMEYER _q(auteur) - Marc VANENIS (Illustration) |
||
| 245 | _aZoé et Théo à la piscine | ||
| 260 |
_bCASTERMAN _c septembre 2001 |
||
| 520 | _aZoé et Théo se rendent à la piscine avec Bruno. Zoé est fière parce qu'elle n'a pas peur de l'eau. Mais qu'elle ne le crie pas trop fort... | ||
| 942 | _c843.0692 | ||
| 999 |
_c130 _d130 |
||